000
00221nam a2200097Ia 4500
008
240625s9999 xx 000 0 und d
041
_a
eng
100
_a
PC QUEST
245
_a
PC QUEST 8 5 GB DUAL LAYER DVD
260
_c
1910
999
_c
34603
_d
34603